000 00851nam a2200217 4500
001 139488
003 ES-MaACL
007 t|
008 070214s1973 mx r ||||1| spa d
100 1 _aSauer, Ernst Friedrich.
_9103960
245 1 0 _aFilósofos alemanes
_b: de Eckhart a Heidegger /
_cpresentación, crítica y juicios sobre sus filosofías de Ernst Friedrich Sauer ; traducción de María Martínez Peñaloza.
250 _a1ª. ed. en español.
260 _aMéxico :
_bFondo de Cultura Económica,
_c1973.
300 _a308 p. ;
_c17 cm.
490 1 _aBrevarios del fondo de cultura económica ;
_v231
700 1 _aMartínez Peñaloza, María.
_978319
830 0 _aBrevarios del fondo de cultura económica ;
_v231
_9220233
852 _aES-MaACL
_jE-6188
_bR.90401
852 _aES-MaACL
_jL-8296
_bR.109081
999 _c139488
_d139488